Statistics for Cyrillic Letters to Language

Click here to take the quiz!

General Stats

  • This quiz has been taken 58 times
  • The average score is 40 of 45

Answer Stats

LetterAnswer% Correct
АаBelarusian, Bulgarian, Macedonian, Russian, Serbian, Ukrainian
100%
ВвBelarusian, Bulgarian, Macedonian, Russian, Serbian, Ukrainian
98%
ГгBelarusian, Bulgarian, Macedonian, Russian, Serbian, Ukrainian
98%
БбBelarusian, Bulgarian, Macedonian, Russian, Serbian, Ukrainian
98%
ЬьBelarusian, Bulgarian, Russian, Ukrainian
98%
ЫыBelarusian, Russian
98%
ЪъBulgarian, Russian
98%
ДдBelarusian, Bulgarian, Macedonian, Russian, Serbian, Ukrainian
95%
ЕеBelarusian, Bulgarian, Macedonian, Russian, Serbian, Ukrainian
95%
ЖжBelarusian, Bulgarian, Macedonian, Russian, Serbian, Ukrainian
95%
ЗзBelarusian, Bulgarian, Macedonian, Russian, Serbian, Ukrainian
95%
ЙйBelarusian, Bulgarian, Russian, Ukrainian
95%
ЄєBelarusian, Russian, Ukrainian
95%
ИиBulgarian, Macedonian, Russian, Serbian, Ukrainian
95%
КкBelarusian, Bulgarian, Macedonian, Russian, Serbian, Ukrainian
93%
ЛлBelarusian, Bulgarian, Macedonian, Russian, Serbian, Ukrainian
93%
ЁёBelarusian, Russian
93%
ЈјMacedonian, Serbian
91%
НнBelarusian, Bulgarian, Macedonian, Russian, Serbian, Ukrainian
89%
ТтBelarusian, Bulgarian, Macedonian, Russian, Serbian, Ukrainian
89%
СсBelarusian, Bulgarian, Macedonian, Russian, Serbian, Ukrainian
89%
РрBelarusian, Bulgarian, Macedonian, Russian, Serbian, Ukrainian
89%
ПпBelarusian, Bulgarian, Macedonian, Russian, Serbian, Ukrainian
89%
ОоBelarusian, Bulgarian, Macedonian, Russian, Serbian, Ukrainian
89%
МмBelarusian, Bulgarian, Macedonian, Russian, Serbian, Ukrainian
89%
ЯяBelarusian, Bulgarian, Russian, Ukrainian
89%
ІіBelarusian, Ukrainian
89%
ЉљMacedonian, Serbian
89%
ХхBelarusian, Bulgarian, Macedonian, Russian, Serbian, Ukrainian
87%
ЃѓMacedonian
87%
ЊњMacedonian, Serbian
87%
ЋћSerbian
87%
ЇїUkrainian
87%
ШшBelarusian, Bulgarian, Macedonian, Russian, Serbian, Ukrainian
85%
ЧчBelarusian, Bulgarian, Macedonian, Russian, Serbian, Ukrainian
85%
ЦцBelarusian, Bulgarian, Macedonian, Russian, Serbian, Ukrainian
85%
УуBelarusian, Bulgarian, Macedonian, Russian, Serbian, Ukrainian
85%
ФфBelarusian, Bulgarian, Macedonian, Russian, Serbian, Ukrainian
85%
ЮюBelarusian, Bulgarian, Russian Ukrainian
85%
ЩщBulgarian, Russian, Ukrainian
85%
ЏџMacedonian, Serbian
84%
ЂђSerbian
84%
ЌќMacedonian
80%
ҐґUkrainian
76%
ЎўBelarusian
71%

Score Distribution

Percentile by Number Answered

Percent of People with Each Score

Your Score History

You have not taken this quiz